000 00497nam a2200193Ia 4500
003 OSt
005 20240406114836.0
008 210210b1989 xxu||||| |||| 00| 0 eng d
040 _cAL
041 _aKannada
082 _aK894.1 JAYA
100 _aJAYASUDARSHANA.
_dಜಯಸುದರ್ಶನ
_9159261
245 _aAa dari.
_bಆ ದಾರಿ
260 _aSagara
_bAkshara Prakashana
_c1989
300 _axvi,64
690 _aKannada Poetry
_9159262
906 _a051761
942 _2ddc
_cBK
999 _c100136
_d100136